| 000 | 01641nam a2200289Ia 4500 | ||
|---|---|---|---|
| 999 |
_c49929 _d49929 |
||
| 001 | 16865 | ||
| 003 | GE_BSU | ||
| 005 | 20200203112402.0 | ||
| 008 | 181216s2015ge xx |||||||||||||| ||geo|| | ||
| 020 | _a9789941462115 | ||
| 040 | _cGE_BSU | ||
| 041 | _ageo | ||
| 080 | _a27-523.4 ჩ-82 | ||
| 100 |
_aჩოხარაძე, მალხაზ. _94816 |
||
| 245 |
_aხანძთა და ,,ათორმეტ სავანეთა"მხარის ძველი სალოცავები : _bმონოგრაფია:დოკუმენტური ფილმი / _cმალხაზ ჩოხარაძე ; რედ: მამია ფაღავა ; ზაზა შაშიკაძე. |
||
| 260 | _aბათუმი. | ||
| 264 |
_aბათუმი : _bშოთა რუსთაველის უნიტის გამ-ბა, _c2015. |
||
| 300 |
_a307 გვ; _bილ, _c20 სმ. |
||
| 504 | _aბიბლიოგრ.:გვ.296-304 | ||
| 541 | _h8ლ.57თ | ||
| 653 | _aთანამედროვე თურქეთის ქართული რეგიონები | ||
| 653 | _aნაშრომში წარმოდგენილია კლარჯეთის ,,ათორმეტ სავანეთა"მხარის წარსული და თანამედროვეობა. | ||
| 653 | _aხანძთა | ||
| 700 |
_aფაღავა, მამია _eრედაქტორი _96678 |
||
| 700 |
_aშაშიკაძე, ზაზა _eრედაქტორი _96679 |
||
| 942 |
_cBK _2udc |
||